<?xml version="1.0" encoding="UTF-8"?>
<record
    xmlns:xsi="http://www.w3.org/2001/XMLSchema-instance"
    xsi:schemaLocation="http://www.loc.gov/MARC21/slim http://www.loc.gov/standards/marcxml/schema/MARC21slim.xsd"
    xmlns="http://www.loc.gov/MARC21/slim">

  <leader>00939nam a2200169   4500</leader>
  <controlfield tag="001">14057</controlfield>
  <controlfield tag="005">20260326152814.0</controlfield>
  <datafield tag="010" ind1=" " ind2=" ">
    <subfield code="a">9782807104617</subfield>
  </datafield>
  <datafield tag="090" ind1=" " ind2=" ">
    <subfield code="a">14057</subfield>
  </datafield>
  <datafield tag="099" ind1=" " ind2=" ">
    <subfield code="o">0</subfield>
  </datafield>
  <datafield tag="100" ind1=" " ind2=" ">
    <subfield code="a">20260326d        u||y0frey50      ba</subfield>
  </datafield>
  <datafield tag="200" ind1=" " ind2=" ">
    <subfield code="a">Azaline se tait</subfield>
    <subfield code="b">LIVR</subfield>
  </datafield>
  <datafield tag="214" ind1=" " ind2=" ">
    <subfield code="c">Lansman</subfield>
  </datafield>
  <datafield tag="323" ind1=" " ind2=" ">
    <subfield code="a">15 personnages</subfield>
  </datafield>
  <datafield tag="330" ind1=" " ind2=" ">
    <subfield code="a">Dans la cour de l'&#xE9;cole, il y a le loup, la princesse, les trois petits cochons... autant de r&#xE9;f&#xE9;rences aux contes traditionnels qui pourraient faire croire &#xE0; d'innocents jeux d'enfants. Mais les contes, souvent cruels et violents, recoupent parfois les bleus au c&#x153;ur et les blessures de la vie. C'est le cas pour Azaline qui porte un lourd et douloureux secret : son p&#xE8;re, tous les soirs, ouvre la porte de sa chambre. Et ce n'est pas pour lui raconter des histoires... Quelqu'un va-t-il enfin comprendre ce que cache le comportement d'Azaline quand elle est &#xE0; l'&#xE9;cole ? </subfield>
  </datafield>
  <datafield tag="610" ind1=" " ind2=" ">
    <subfield code="a">Inceste</subfield>
  </datafield>
  <datafield tag="700" ind1=" " ind2=" ">
    <subfield code="a">Martin</subfield>
    <subfield code="b">Lise</subfield>
  </datafield>
  <datafield tag="995" ind1=" " ind2=" ">
    <subfield code="2">0</subfield>
    <subfield code="5">2026-03-26</subfield>
    <subfield code="9">13948</subfield>
    <subfield code="c">JOL</subfield>
    <subfield code="f">JOL-007757</subfield>
    <subfield code="k">TH JP MAR 15</subfield>
    <subfield code="o">0</subfield>
    <subfield code="b">JOL</subfield>
    <subfield code="r">LIVR</subfield>
  </datafield>
</record>
